Lekcja 2 - frazeologizmy w Biblii - Statystyki

Ogólne statystyki
  • Ten quiz został rozwiązany 70 razy
  • Średni wynik to 7 z 8
Statystyki odpowiedzi
Zagadnienie Odpowiedź % Poprawnych
Wracając rowerem w nocy i we mgle Marek mówi, że przejeżdżał przez: Egipskie ciemności
100%
Józek zapomniał o zadaniu domowym z polskiego. Na szczęście Mirek pozwolił mu odpisać zadanie. Dla Józka było to jak: Manna z nieba
100%
Jacek po latach pracy w kopalni ufundował swojemu synowi studia w USA. Jacek: Oddał swój wdowi grosz
100%
Kuba naskarżył na Kasię, która ściągała na sprawdzianie. Dostał za to uwagę pozytywną. Kasia mówi, że zdradził ją za: Judaszowe srebrniki
95%
Dziadek wczoraj pokazał Jasiowi telewizor z 1957 roku. Dla Jasia jest on: Przedpotopowy
95%
Za rozmawianie na lekcji dwóch osób, pani postanowiła ukarać całą klasę niezapowiedzianą kartkówką. Była to: Rzeź niewiniątek
84%
Maciek zabrał Mikołajowi na przerwie figurkę Tailsa. Mikołaj zgłosił to nauczycielce, która powiedziała, że nie będzie się mieszać i by rozwiązali to między sobą. Nauczycielka: Umyła ręce
79%
Małgosia chce kupić sobie nową grę o Sonicu, ale jej mama się nie zgadza. Małgosia mówi, że ta gra to: Zakazany owoc
58%
Nie znaleziono quizów pasujących do podanych kryteriów
Rozkład punktacji
Procent ludzi z każdym wynikiem
Percentyl według liczby udzielonych odpowiedzi
Twoja historia wyników
Nie rozwiązałeś tego quizu